Szegény fogja a madarat...

Fejtón. [Autor sa v prístupných encyklopedických dielach neuvádza, prevadepodobne ide o regionálneho autora.]

Bibliographic Details
Main Author: Lampérth, Gejza (Author)
Format: Article
Language:Hungarian
Subjects:
Source: 1. Felvidéki Hirlap : Közgazdasági, társadalmi és szépirodalmi hetilap 1. Roč. 1, č. 30 (04.10.1908) s. 1 a 2
LEADER 00983nab#a2200337#ar4500
001 000072965
003 SVKKK
005 20030603xxxxxxx.
008 06 c xo huno
FMT
038 |a SVKKK 
040 |a SVKKK  |b slo  |e AACR2 
041 0 |a hun 
044 |a xo  |c SK 
080 |a 894.511(437.6)-9 
100 1 |a Lampérth, Gejza  |4 aut 
242 1 0 |a Chudobný chytá vtáka... 
245 1 0 |a Szegény fogja a madarat...  |c Gejza Lampérth 
300 |b Začiatok 
500 |a Géza 
500 |a mikrofilm 
520 2 |a Fejtón. [Autor sa v prístupných encyklopedických dielach neuvádza, prevadepodobne ide o regionálneho autora.] 
650 0 4 |a fejtóny - literatúra mađarská - texty 
773 0 |t Felvidéki Hirlap : Közgazdasági, társadalmi és szépirodalmi hetilap  |g Roč. 1, č. 30 (04.10.1908) s. 1 a 2 
957 |a Humenné [?] 
958 |a DG 
958 |a SK 
974 |a Ba  |d 20030603 
992 |a RBX 
BAS
998 |a RETRO